000 00747nam a2200241Ia 4500
003 OSt
005 20251212101251.0
008 220923b |||||||| |||| 00| 0 eng d
020 _a0226115968
037 _cGeneral Book
040 _aRTL
_cRTL
_beng
041 _2eng
_aeng
084 _aY:3(S:43), N2
_qRTL
100 _aHalbwachs Maurice
_914888
245 0 _aOn collective memory
260 _aChicago
_bUniversity of Chicago Press
_c1992
300 _aix,244 p.
_bIncludes bibliographical references and index.
490 _aTexts in Statistical Science
650 _aMemory
_9856173
700 _aCoser Lewvis A.
_eEditor & Translator
_9856174
942 _hY:3(S:43), N2
_cGB
_2CC
_n0
999 _c501245
_d501245